| 000 | 00983nam a2200253Ia 4500 | ||
|---|---|---|---|
| 003 | OSt | ||
| 005 | 20221005104444.0 | ||
| 006 | a|||||r|||| 00| 0 | ||
| 007 | ta | ||
| 008 | 221004b |||||||| |||| 00| 0 hin d | ||
| 024 | _a113715 | ||
| 037 | _cTextual | ||
| 040 |
_aCRL _cCRL _bhin |
||
| 041 |
_2hin _ahin |
||
| 082 | _aX:8K, 152L6;M8 | ||
| 100 | _aमाहेश्वरी, एस0 एन0 | ||
| 245 | 0 |
_aलागत लेखाकन _b सैद्धान्तिक एवं क्रियात्मक |
|
| 246 | _aLāgat lekhākana: saiddhāntik evan kriyātmaka | ||
| 260 |
_aदिल्ली _bमहावीर बुक प्रकाशन भारत _c1976 |
||
| 650 | _aभारतीय अर्थव्यवस्था | ||
| 700 | _a मितल, एस0 एन0 | ||
| 942 |
_hX:8K, 152L6;M8 _cTEXL _2cc |
||
| 999 |
_c1012763 _d1012763 |
||